[Event "30.Alpenpokal Obersdorf op"]
[Site "Tiefenbach (08.01.-18.01)"]
[Date "2004.??.??"]
[Round "2.28"]
[White "Kelbratowski, Konrad"]
[Black "Weissenfels, Gerd"]
[Result "1-0"]
[WhiteElo "1863"]
[BlackElo "1275"]
[PlyCount "73"]
[EventDate "2004.01.??"]
[Source "ChessOrg"]
[SourceDate "2005.04.24"]

1. d4 Nf6 2. c4 g6 3. Nc3 Bg7 4. e4 d6 5. f4 O-O 6. Nf3 Bg4 7. h3 Bxf3 8. Qxf3
Nbd7 9. Be3 e6 10. e5 Ne8 11. O-O-O c6 12. Kb1 f5 13. exd6 Nxd6 14. c5 Nf7 15.
Bc4 Qe7 16. Rhe1 Rae8 17. Bf2 Qf6 18. Re2 Re7 19. Rde1 Rfe8 20. Nd1 Kh8 21. Qb3
Nd8 22. Qf3 b5 23. Bb3 a5 24. a4 b4 25. Qd3 Nb8 26. Rd2 h6 27. g3 Kh7 28. Ne3
Nb7 29. Nc4 Rd8 30. Qe2 Ree8 31. Ne5 Re7 32. Qf3 Rc8 33. Bc2 Qf8 34. Nc4 Qf6
35. g4 Rd8 36. Rde2 Nd7 37. gxf5 1-0

[Event "30.Alpenpokal Obersdorf op"]
[Site "Tiefenbach (08.01.-18.01)"]
[Date "2004.??.??"]
[Round "2.29"]
[White "Wahl, Hedi"]
[Black "Woell, Josef"]
[Result "0-1"]
[WhiteElo "1422"]
[BlackElo "1878"]
[PlyCount "138"]
[EventDate "2004.01.??"]
[Source "ChessOrg"]
[SourceDate "2005.04.24"]

1. e4 c5 2. c3 d5 3. exd5 Qxd5 4. Qf3 Nf6 5. Na3 a6 6. Nc4 Nbd7 7. Ne3 Qxf3 8.
Nxf3 e6 9. Be2 Bd6 10. O-O b5 11. Rd1 Bb7 12. d4 c4 13. b3 cxb3 14. axb3 O-O
15. Ba3 Bxa3 16. Rxa3 Ne4 17. Rc1 Rfc8 18. c4 b4 (18... Nc3 19. Kf1 Nxe2 20.
Kxe2) 19. Ra2 Nc3 20. Rd2 Nf6 21. Bd3 Bxf3 22. gxf3 Rd8 23. Bf1 Nh5 24. Nd1
Nxd1 25. Rcxd1 Nf4 26. h3 g5 27. Kh2 Kf8 28. Kg3 Ke7 29. Re1 Kf6 30. Rc1 a5 31.
c5 Ra7 32. Bb5 Nd5 33. Bc4 Nc3 34. Re1 Rc7 35. Rd3 a4 36. bxa4 Nxa4 37. Rb1 Rb8
38. Rdb3 e5 39. Rxb4 Rxb4 40. Rxb4 Nc3 41. Rb6+ Kg7 42. d5 Rxc5 43. Rc6 Na4 44.
Rxc5 Nxc5 45. Ba2 f5 46. Bb1 Kf6 47. h4 h6 48. hxg5+ hxg5 49. Bc2 Nb7 50. Bb3
Nd6 51. Bc2 Nf7 52. Bb1 Nh6 53. Kg2 Ke7 54. Kf1 Kd6 55. Ba2 Ng8 56. Ke2 Ne7 57.
Bb1 Kxd5 58. Ke3 Ke6 59. Ba2+ Kf6 60. Bb3 Ng6 61. Bc2 Nf4 62. Bb1 Ne6 63. Bc2
Nc5 64. Bb1 Ke6 65. Ba2+ Kd6 66. Bb1 f4+ 67. Ke2 Kd5 68. Bc2 Kd4 69. Bb1 Kc3
0-1

[Event "30.Alpenpokal Obersdorf op"]
[Site "Tiefenbach (08.01.-18.01)"]
[Date "2004.??.??"]
[Round "2.30"]
[White "Besler, Ralf"]
[Black "Marek, Herbert"]
[Result "1-0"]
[WhiteElo "1808"]
[BlackElo "1651"]
[PlyCount "117"]
[EventDate "2004.01.??"]
[Source "ChessOrg"]
[SourceDate "2005.04.24"]

1. Nf3 Nf6 2. c4 e6 3. g3 d5 4. d4 c6 5. Bg2 Bd6 6. O-O Nbd7 7. b3 Ne4 8. Bb2
h5 9. Nbd2 Ndf6 10. Nxe4 Nxe4 11. Nd2 f5 12. Nxe4 fxe4 13. e3 Bd7 14. f3 Qg5
15. fxe4 h4 16. e5 Be7 (16... hxg3 17. hxg3 (17. exd6 Qxe3+ 18. Kh1 Rxh2#)
17... Qxe3+ 18. Rf2 Be7 19. Qf3 Qh6 20. Qf7+ Kd8 21. Bc1 Qh2+ 22. Kf1 Qxg3) 17.
Qf3 O-O-O 18. Qf4 hxg3 19. Qxg3 Qh6 20. Bc1 Bh4 21. Qg4 Bg5 22. Qg3 Rh7 23. h3
Rdh8 24. e4 Bxc1 25. Raxc1 Qd2 26. Qf2 Qg5 27. Qf4 Qg6 28. Qg4 Qh6 29. Rf4 dxe4
30. Rcf1 e3 31. Qf3 g5 32. Rf6 Qg7 33. Rf8+ Be8 34. Rxh8 Rxh8 35. Qxe3 g4 36.
Qg3 Rg8 37. Kh2 Qh7 38. Rf4 gxh3 39. Qxh3 Rh8 40. Qxh7 Rxh7+ 41. Kg3 Bg6 42.
Bh3 Kd7 43. Rf6 Bf7 44. d5 Rg7+ 45. Kf4 cxd5 46. cxd5 Ke7 47. Bxe6 Bxe6 48.
Rxe6+ Kd7 49. Rh6 Kc7 50. Kf5 Kd7 51. Kf6 Rg2 52. Rh7+ Kc8 53. e6 Rf2+ 54. Ke5
Rxa2 55. Kd6 Ra6+ 56. Ke5 Ra1 57. Rh8+ Kc7 58. d6+ Kc6 59. d7 1-0

[Event "30.Alpenpokal Obersdorf op"]
[Site "Tiefenbach (08.01.-18.01)"]
[Date "2004.??.??"]
[Round "2.31"]
[White "Merkel, Gerd"]
[Black "Drewitz, Friedel"]
[Result "1/2-1/2"]
[WhiteElo "2095"]
[BlackElo "1749"]
[PlyCount "63"]
[EventDate "2004.01.??"]
[Source "ChessOrg"]
[SourceDate "2005.04.24"]

1. d4 d5 2. Nf3 e6 3. e3 f5 4. g3 Nf6 5. Nbd2 Bd6 6. Bg2 O-O 7. b3 Ne4 8. Bb2
c6 9. O-O Nd7 10. Ne5 Ndf6 11. f3 Nxd2 12. Qxd2 Bd7 13. Rac1 Qe7 14. c4 Be8 15.
c5 Bc7 16. b4 a6 17. Bc3 Qd8 18. a4 Rb8 19. a5 Qe7 20. Qe1 Bh5 21. Rc2 Rbe8 22.
Qc1 Nd7 23. Nxd7 Qxd7 24. f4 Bd8 25. Bf3 Bg6 26. Bg2 h5 27. h4 Kh7 28. Be1 Bf6
29. Bf2 Qe7 30. Rb2 Qc7 31. Rb1 Qe7 32. Re1 1/2-1/2

[Event "30.Alpenpokal Obersdorf op"]
[Site "Tiefenbach (08.01.-18.01)"]
[Date "2004.??.??"]
[Round "2.32"]
[White "Meyer, Gerd[61Huckarde]"]
[Black "Herzog, Manfred[60Sulzf]"]
[Result "1-0"]
[WhiteElo "1982"]
[BlackElo "1725"]
[PlyCount "83"]
[EventDate "2004.01.??"]
[Source "ChessOrg"]
[SourceDate "2005.04.24"]

1. e4 g6 2. d4 Nf6 3. Bd3 d6 4. f4 Bg7 5. Nf3 c5 6. dxc5 Qa5+ 7. c3 Qxc5 8. Qe2
Bg4 9. Be3 Bxf3 10. Qxf3 Qh5 11. Qg3 Qg4 12. Qf2 Nc6 13. Nd2 Qd7 14. O-O Ng4
15. Qe2 Nxe3 16. Qxe3 Bh6 17. Qf2 O-O 18. Bb5 a6 19. Ba4 b5 20. Qh4 Bxf4 21.
Rxf4 bxa4 22. Qh6 Qa7+ 23. Kh1 Qe3 24. Nf3 f6 25. Re1 Qf2 26. Rh4 Rf7 27. Qc1
Ne5 (27... Rb8 28. Rf1 Qxb2) 28. Rf1 Qb6 29. Nxe5 dxe5 30. Qc2 Rd8 31. Rh3 Qc6
32. Rd3 Rd4 33. Qd2 Rxe4 34. Qh6 Qe8 35. Rfd1 Qf8 36. Qd2 Qg7 37. Rd8+ Rf8 38.
Qd5+ Qf7 39. Qxe4 Qxa2 40. Qa8 Rxd8 41. Qxd8+ Kf7 42. Qd5+ 1-0

[Event "30.Alpenpokal Obersdorf op"]
[Site "Tiefenbach (08.01.-18.01)"]
[Date "2004.??.??"]
[Round "3.1"]
[White "Emde, Rainer"]
[Black "Poffers, Adrian"]
[Result "1/2-1/2"]
[WhiteElo "1995"]
[BlackElo "2289"]
[PlyCount "77"]
[EventDate "2004.01.??"]
[Source "ChessOrg"]
[SourceDate "2005.04.24"]

1. d4 Nf6 2. Nf3 g6 3. Bg5 Bg7 4. Nbd2 O-O 5. e4 d6 6. c3 h6 7. Bh4 Qe8 8. Bc4
e5 9. dxe5 dxe5 10. O-O Nbd7 11. a4 Nb6 12. Bb3 a5 13. Qc2 Nh5 14. Ne1 Kh8 15.
Nc4 Nxc4 16. Bxc4 g5 17. Bg3 f5 18. exf5 Bxf5 19. Qe2 Rd8 20. Rd1 Nf4 21. Qf3
Qxa4 22. Rxd8 Rxd8 23. b3 Qc6 24. Qxc6 bxc6 25. Nf3 e4 26. Nd4 Bxd4 27. cxd4
Rxd4 28. h4 a4 29. hxg5 hxg5 30. Bxf4 gxf4 31. Rc1 axb3 32. Bxb3 Rb4 (32... Bd7
$1) 33. Bf7 e3 34. fxe3 fxe3 35. Bh5 Be4 $4 ({mit} 35... Rb1 $4 {
ist der Gewinn gesichert.}) 36. Bf3 Bd5 37. Kf1 Rb2 38. Rc3 e2+ (38... Bxf3 39.
gxf3 Rf2+ 40. Ke1 Rxf3 41. Rxc6 Rf7 42. Ke2 Re7 43. Rc3 Kg8 $1 44. Rxe3 Rxe3+
45. Kxe3 Kf7 46. Kd4 Ke6 47. Kc5 Kd7 48. Kd5) 39. Ke1 1/2-1/2

[Event "30.Alpenpokal Obersdorf op"]
[Site "Tiefenbach (08.01.-18.01)"]
[Date "2004.??.??"]
[Round "3.2"]
[White "Meyer, Gerd[61Huckarde]"]
[Black "Moehring, Norbert"]
[Result "1-0"]
[WhiteElo "1982"]
[BlackElo "1812"]
[PlyCount "39"]
[EventDate "2004.01.??"]
[Source "ChessOrg"]
[SourceDate "2005.04.24"]

1. e4 e5 2. f4 d5 3. Nf3 Bc5 4. Nxe5 dxe4 5. Bc4 Qd4 6. Bxf7+ Ke7 7. Qe2 Nh6 8.
Bb3 Rf8 9. c3 Qxe5 10. fxe5 Bg4 11. d4 $5 (11. Qf1 Nc6 12. d4 Rxf1+ (12... exd3
13. Bg5+ Ke8 14. Qxd3) 13. Rxf1 Bb6 14. Bg5+ Ke8 15. Nd2) 11... exd3 (11...
Bxe2 12. Kxe2 Bb6 13. Bg5+ Kd7 14. Nd2 Nc6 15. Bxh6 gxh6 16. Nxe4) 12. Bg5+ Ke8
13. Qxd3 Bf2+ 14. Kd2 Nc6 15. e6 Bd4 16. cxd4 Rf2+ 17. Kc3 Be2 18. Qxh7 b5 19.
Qh8+ Rf8 20. Qxg7 1-0

[Event "30.Alpenpokal Obersdorf op"]
[Site "Tiefenbach (08.01.-18.01)"]
[Date "2004.??.??"]
[Round "3.3"]
[White "Merkel, Gerd"]
[Black "Boeven, Manfred"]
[Result "1-0"]
[WhiteElo "2095"]
[BlackElo "2020"]
[PlyCount "115"]
[EventDate "2004.01.??"]
[Source "ChessOrg"]
[SourceDate "2005.04.24"]

1. d4 d5 2. c4 Bf5 3. Nc3 e6 4. Nf3 c6 5. e3 Nf6 6. Qb3 Qb6 7. Be2 Nbd7 8. O-O
Be7 9. Qxb6 axb6 10. cxd5 exd5 11. Bd2 O-O 12. Rfc1 Ne4 13. Nxe4 Bxe4 14. a3 b5
15. Bb4 Rfe8 16. Nd2 Nb6 17. b3 Bf5 18. h3 h6 19. g4 Bg6 20. Nf3 Nd7 21. Ne1
Be4 22. Nd3 Bxd3 23. Bxd3 g6 24. Kg2 Kf8 25. Kf3 Ra7 26. Ke2 Rea8 27. Rab1 Bxb4
28. axb4 Ra2+ 29. Bc2 Ke7 30. f3 Kf6 31. h4 Nf8 32. Kd2 Ne6 33. Kc3 Nc7 34. e4
{man hatte die a Linie erobert und nun das} 34... Re8 $2 35. Ra1 Rxa1 36. Rxa1
Na6 37. e5+ $1 Kg7 38. f4 f6 39. Re1 fxe5 40. dxe5 {
die Ubermacht am Konigsflugel ist ubermachtig.} 40... d4+ 41. Kxd4 Nxb4 42. Be4
b6 43. Kc3 c5 44. h5 g5 45. Bg6 Nd5+ 46. Kc2 Nb4+ 47. Kb1 Ra8 48. f5 {das wars}
48... Kf8 49. f6 Nd5 50. e6 Nxf6 51. e7+ Kg7 52. e8=Q Nxe8 53. Rxe8 Ra7 54. Re6
c4 55. bxc4 bxc4 56. Rxb6 Rc7 57. Bf5 c3 58. Rg6+ 1-0

[Event "30.Alpenpokal Obersdorf op"]
[Site "Tiefenbach (08.01.-18.01)"]
[Date "2004.??.??"]
[Round "3.4"]
[White "Jolowicz, Matias,Dr."]
[Black "Spurga, Josef"]
[Result "1-0"]
[WhiteElo "2133"]
[BlackElo "1880"]
[PlyCount "47"]
[EventDate "2004.01.??"]
[Source "ChessOrg"]
[SourceDate "2005.04.24"]

1. d4 Nf6 2. c4 e6 3. Nc3 Bb4 4. a3 Bxc3+ 5. bxc3 c5 6. f3 d5 7. e3 O-O 8. cxd5
exd5 9. Bd3 Nbd7 10. Ne2 Re8 11. O-O Nf8 12. Ng3 Be6 13. Ra2 Rc8 14. Nf5 Bxf5
15. Bxf5 Ne6 16. Re2 Rc7 17. Bb1 Rce7 18. Ref2 Qd6 19. a4 Nf8 20. Re2 Ng6 21.
Rfe1 cxd4 22. cxd4 Nd7 23. Qd3 Ndf8 24. Ba3 1-0

[Event "30.Alpenpokal Obersdorf op"]
[Site "Tiefenbach (08.01.-18.01)"]
[Date "2004.??.??"]
[Round "3.6"]
[White "Schulz, Wolfgang[32Hamb]"]
[Black "Froehlich, Rainer[37Sonth]"]
[Result "1-0"]
[WhiteElo "2111"]
[BlackElo "1980"]
[PlyCount "105"]
[EventDate "2004.01.??"]
[Source "ChessOrg"]
[SourceDate "2005.04.24"]

1. e4 c5 2. Nf3 Nc6 3. d4 cxd4 4. Nxd4 e5 5. Nb5 d6 6. Be3 Be7 7. Nd2 a6 8. Nc3
Be6 9. Bc4 Nf6 10. O-O d5 11. exd5 Nxd5 12. Nxd5 Bxd5 13. Qg4 g6 14. Rad1 f5
15. Qe2 b5 16. Bxd5 Qxd5 17. Nb3 Qc4 18. Rfe1 Qxe2 19. Rxe2 a5 20. f3 a4 21.
Nc5 a3 22. b3 Kf7 23. Red2 Rhd8 24. Nb7 Rxd2 25. Rxd2 Ke6 26. c3 Rc8 27. Nc5+
Kf7 28. Rd5 b4 29. c4 Rd8 30. Nd3 Ke6 31. Rxd8 Nxd8 32. Kf1 Nc6 33. Ke2 Na5 34.
Nc1 Kd7 35. Bb6 Nb7 36. Nd3 Kc6 37. Ba7 Bd6 38. Bf2 e4 39. fxe4 fxe4 40. Ne1
Bc5 41. Nc2 h5 42. Be1 Nd6 43. Nxb4+ Kd7 44. Nc2 Nf5 45. Bf2 Kc6 46. Bxc5 Kxc5
47. Nxa3 Kb4 48. Nb5 h4 49. Nc7 Ka3 50. c5 Kxa2 51. b4 Kb3 52. b5 Kc4 53. b6
1-0

[Event "30.Alpenpokal Obersdorf op"]
[Site "Tiefenbach (08.01.-18.01)"]
[Date "2004.??.??"]
[Round "3.7"]
[White "Pragua, Christoph"]
[Black "Blosze, Winfried"]
[Result "1-0"]
[WhiteElo "2059"]
[BlackElo "1730"]
[PlyCount "57"]
[EventDate "2004.01.??"]
[Source "ChessOrg"]
[SourceDate "2005.04.24"]

1. d4 d5 2. Nf3 Nf6 3. c4 c6 4. Nc3 e6 5. e3 Be7 6. Bd3 Nbd7 7. O-O Qc7 8. b3
e5 9. cxd5 cxd5 10. Nb5 Qb8 11. dxe5 Nxe5 12. Nxe5 Qxe5 13. Bd2 a6 14. Bc3 Qb8
15. Nd4 O-O 16. Rc1 Bg4 17. f3 Be6 18. Qd2 Qd8 19. Ba5 Qd6 20. Rc7 Rfb8 21.
Rfc1 Ne8 22. R7c2 Rc8 23. Rxc8 Rxc8 24. Rxc8 Bxc8 25. Bxh7+ Kxh7 26. Qc2+ g6
27. Qxc8 Nf6 28. Qxb7 Qe5 29. Bd2 1-0

[Event "30.Alpenpokal Obersdorf op"]
[Site "Tiefenbach (08.01.-18.01)"]
[Date "2004.??.??"]
[Round "3.8"]
[White "Seidel, Juergen"]
[Black "Siegmund, Rainer"]
[Result "1/2-1/2"]
[WhiteElo "1898"]
[BlackElo "1960"]
[PlyCount "26"]
[EventDate "2004.01.??"]
[Source "ChessOrg"]
[SourceDate "2005.04.24"]

1. d4 Nf6 2. Nf3 e6 3. e3 d5 4. Bd3 c5 5. c3 Nc6 6. Nbd2 Bd6 7. O-O O-O 8. dxc5
Bxc5 9. e4 Qc7 10. Qe2 h6 11. h3 Nh5 12. Nb3 Ng3 13. Qc2 Nxe4 1/2-1/2

[Event "30.Alpenpokal Obersdorf op"]
[Site "Tiefenbach (08.01.-18.01)"]
[Date "2004.??.??"]
[Round "3.9"]
[White "Koops, Randolf"]
[Black "Borries, Barbara"]
[Result "1-0"]
[WhiteElo "2050"]
[BlackElo "1703"]
[PlyCount "39"]
[EventDate "2004.01.??"]
[Source "ChessOrg"]
[SourceDate "2005.04.24"]

1. d4 d5 2. Nf3 Nf6 3. c4 c6 4. Nc3 e6 5. Bg5 Nbd7 6. e3 Bd6 7. Bd3 O-O 8. c5
Bc7 9. Qc2 h6 10. h4 e5 11. Bf5 e4 12. Nh2 hxg5 13. hxg5 Nh7 14. Bxh7+ Kxh7 15.
Nxe4 g6 16. Ng4+ Kg7 17. Nef6 Nxf6 18. gxf6+ Kg8 19. Nh6+ Kh7 20. Nxf7+ 1-0

[Event "30.Alpenpokal Obersdorf op"]
[Site "Tiefenbach (08.01.-18.01)"]
[Date "2004.??.??"]
[Round "3.10"]
[White "Poehler, Margit"]
[Black "Klempt, Guenter"]
[Result "1/2-1/2"]
[WhiteElo "1765"]
[BlackElo "1894"]
[PlyCount "56"]
[EventDate "2004.01.??"]
[Source "ChessOrg"]
[SourceDate "2005.04.24"]

1. d4 Nf6 2. c4 g6 3. Nc3 Bg7 4. e4 d6 5. Be2 O-O 6. f4 e5 7. fxe5 dxe5 8. d5
c6 9. Bg5 h6 10. Bh4 cxd5 11. cxd5 Qa5 12. Qd2 Nbd7 13. Nf3 g5 14. Nxg5 hxg5
15. Bxg5 Qb4 16. a3 Qd4 17. Qc2 Qc5 18. b4 Qc7 19. Rc1 Nb6 20. O-O Nh7 21. Bh4
Bd7 22. Be7 Ba4 $2 (22... Rfe8 23. d6 Qb8) 23. d6 Bxc2 24. dxc7 Rfe8 25. Rxc2
Rxe7 26. Nd5 {diesen Zug kann man ubersehen.} 26... Nc8 27. Bg4 (27. Nxe7+ Nxe7
28. Bg4 {ist gewonnen.}) 27... Re8 28. Bh5 (28. Bd7 Rf8) 28... Nd6 1/2-1/2

[Event "30.Alpenpokal Obersdorf op"]
[Site "Tiefenbach (08.01.-18.01)"]
[Date "2004.??.??"]
[Round "3.11"]
[White "Fehres, Werner"]
[Black "Hiller, Joachim[42Deidesh]"]
[Result "0-1"]
[WhiteElo "1791"]
[BlackElo "1880"]
[PlyCount "48"]
[EventDate "2004.01.??"]
[Source "ChessOrg"]
[SourceDate "2005.04.24"]

1. e4 c6 2. f4 d5 3. e5 Bf5 4. d3 e6 5. Nf3 Bb4+ 6. c3 Ba5 7. Be2 Ne7 8. O-O
O-O 9. h3 c5 10. Na3 Nbc6 11. Kh1 a6 12. Nc2 d4 13. g4 Bg6 14. c4 f6 15. Nce1
fxe5 16. fxe5 Bc7 17. Ng2 Nxe5 18. Nf4 Nxf3 19. Rxf3 Qd6 20. Qg1 Be8 21. Rf2
Bc6+ 22. Bf3 g5 23. Nd5 exd5 24. Bxg5 Rxf3 0-1

[Event "30.Alpenpokal Obersdorf op"]
[Site "Tiefenbach (08.01.-18.01)"]
[Date "2004.??.??"]
[Round "3.12"]
[White "Zuri, Rahim"]
[Black "Wempe, Juergen"]
[Result "1/2-1/2"]
[WhiteElo "1787"]
[BlackElo "2113"]
[PlyCount "96"]
[EventDate "2004.01.??"]
[Source "ChessOrg"]
[SourceDate "2005.04.24"]

1. e4 c5 2. Bc4 e6 3. Nc3 a6 4. a4 Nf6 5. h3 d5 6. exd5 exd5 7. Ba2 d4 8. Nce2
Bd6 9. d3 O-O 10. Nf3 Nc6 11. O-O h6 12. c3 Bf5 13. cxd4 cxd4 14. Bf4 Bxf4 15.
Nxf4 Qd6 16. Ne2 Rfe8 17. Ng3 Bh7 18. Qd2 Nb4 19. Bc4 Nbd5 20. Nxd4 Qf4 21.
Qxf4 Nxf4 22. Rfd1 Rad8 23. Nf3 Bxd3 24. Bxd3 Rxd3 25. Rxd3 Nxd3 26. b3 Nd5 27.
Nd4 Nc3 28. f3 g6 29. Kf1 Kf8 30. Nge2 Nd5 31. Nc2 Rc8 32. Rd1 Rxc2 33. Rxd3
Nb4 34. Rc3 Rb2 35. Nc1 Nd5 36. Nd3 Rb1+ 37. Rc1 Rxb3 38. Rc8+ Ke7 39. Ne5 Nb6
40. Rh8 Nxa4 41. Rh7 Nc5 42. Nxf7 a5 43. Ne5+ Ke6 44. Nxg6 a4 45. Nf4+ Ke5 46.
Ne2 a3 47. f4+ Kd5 48. f5 a2 1/2-1/2

[Event "30.Alpenpokal Obersdorf op"]
[Site "Tiefenbach (08.01.-18.01)"]
[Date "2004.??.??"]
[Round "3.13"]
[White "Maugg, Ludwig"]
[Black "Wahl, Frithjof,Dr."]
[Result "1/2-1/2"]
[WhiteElo "2028"]
[BlackElo "2009"]
[PlyCount "42"]
[EventDate "2004.01.??"]
[Source "ChessOrg"]
[SourceDate "2005.04.24"]

1. d4 g6 2. e4 Bg7 3. Nc3 d6 4. Be3 c6 5. Qd2 b5 6. Bd3 Bb7 7. Nf3 a6 8. O-O
Nd7 9. a4 Ngf6 10. Bh6 O-O 11. Bxg7 Kxg7 12. e5 Ne8 13. Qf4 d5 14. Ne2 Nc7 15.
Qg3 Rh8 16. h4 h5 17. Nf4 Nf8 18. Ng5 Rh6 19. Be2 Nfe6 20. Ngxe6+ Nxe6 21.
Nxe6+ fxe6 1/2-1/2

[Event "30.Alpenpokal Obersdorf op"]
[Site "Tiefenbach (08.01.-18.01)"]
[Date "2004.??.??"]
[Round "3.14"]
[White "Angerer, Martin"]
[Black "Erhart, Uwe"]
[Result "1/2-1/2"]
[WhiteElo "1930"]
[BlackElo "1993"]
[PlyCount "39"]
[EventDate "2004.01.??"]
[Source "ChessOrg"]
[SourceDate "2005.04.24"]

1. e4 c5 2. Nf3 d6 3. d4 cxd4 4. Nxd4 Nf6 5. Nc3 g6 6. Be3 Bg7 7. f3 Nc6 8. Bc4
O-O 9. Qd2 Bd7 10. O-O-O Ne5 11. Bb3 Rc8 12. h4 Nc4 13. Bxc4 Rxc4 14. Nd5 Nxd5
15. exd5 Ra4 16. Kb1 Qa5 17. Qxa5 Rxa5 18. Nb3 Ra4 19. Bg5 f6 20. Be3 1/2-1/2

[Event "30.Alpenpokal Obersdorf op"]
[Site "Tiefenbach (08.01.-18.01)"]
[Date "2004.??.??"]
[Round "3.15"]
[White "Pruess, Martin"]
[Black "Josting, Friedel"]
[Result "1-0"]
[WhiteElo "1827"]
[BlackElo "1845"]
[PlyCount "51"]
[EventDate "2004.01.??"]
[Source "ChessOrg"]
[SourceDate "2005.04.24"]

1. e4 c5 2. Nc3 Nc6 3. f4 g6 4. Nf3 Bg7 5. Bc4 d6 6. O-O e6 7. f5 Ne5 8. fxe6
Bxe6 9. Bxe6 fxe6 10. d3 Nf7 11. Qe1 Nf6 12. Qh4 Qe7 13. Ng5 Ne5 14. Nb5 Kd7
15. d4 cxd4 16. Nxd4 h6 17. Ngxe6 g5 18. Qh3 g4 19. Qb3 Rhb8 20. Nxg7 Nxe4 21.
Ngf5 Qe8 22. Bf4 h5 23. Qb5+ Nc6 24. Rae1 a6 25. Qd5 Nb4 26. Qxe4 1-0

[Event "30.Alpenpokal Obersdorf op"]
[Site "Tiefenbach (08.01.-18.01)"]
[Date "2004.??.??"]
[Round "3.16"]
[White "Kahler, Kurt"]
[Black "Zuri, Amin-Barin,Dr."]
[Result "0-1"]
[WhiteElo "1712"]
[BlackElo "1919"]
[PlyCount "51"]
[EventDate "2004.01.??"]
[Source "ChessOrg"]
[SourceDate "2005.04.24"]

1. e4 e6 2. Nc3 d5 3. f4 dxe4 4. Nxe4 Nf6 5. Ng3 Bd6 6. d4 c6 7. Nf3 Qc7 8. Ne5
b6 9. Nh5 Nxh5 10. Qxh5 O-O 11. Bd3 g6 12. Qh6 Rd8 13. Bd2 Bf8 14. Qh4 Rxd4 15.
O-O-O Qxe5 {haben wir was ubersehen?} 16. Rhe1 Qc7 17. g3 Qe7 18. Qg4 Bg7 19.
Bc3 Rd8 20. Bxg7 Kxg7 21. h4 h5 22. Qh3 Qf6 23. Rf1 Ba6 24. Rf3 Bxd3 25. Rdxd3
Rxd3 26. Rxd3 0-1

[Event "30.Alpenpokal Obersdorf op"]
[Site "Tiefenbach (08.01.-18.01)"]
[Date "2004.??.??"]
[Round "3.17"]
[White "Schenfeld, Waldemar"]
[Black "Hoffmann, Reinhold[32Wadg]"]
[Result "0-1"]
[WhiteElo "1538"]
[BlackElo "1804"]
[PlyCount "106"]
[EventDate "2004.01.??"]
[Source "ChessOrg"]
[SourceDate "2005.04.24"]

1. e4 d6 2. d4 g6 3. Nf3 Bg7 4. c3 c6 5. Bf4 Nd7 6. Nbd2 Ngf6 7. Qb3 O-O 8. Bd3
Nb6 9. h3 Be6 10. c4 d5 11. cxd5 cxd5 12. e5 Ne4 13. Qd1 Nxd2 14. Qxd2 Qd7 15.
b3 Rac8 16. O-O Bf5 17. Rfe1 Bxd3 18. Qxd3 e6 19. Rac1 Rxc1 20. Rxc1 Rc8 21.
Rxc8+ Qxc8 22. a4 Qc6 23. a5 Nc8 24. b4 a6 25. Bd2 Ne7 26. Qc3 Bf8 27. Ne1 Qc4
28. Nd3 Nc6 29. Qxc4 dxc4 30. Nc5 Bxc5 31. bxc5 Nxd4 32. Kf1 Nb3 33. Bb4 Nd4
34. Bc3 Nc6 35. Ke2 Kf8 36. g4 Ke8 37. Ke3 Kd7 38. Ke4 Na7 39. Kd4 Nb5+ 40.
Kxc4 Nxc3 41. Kxc3 Kc6 42. Kc4 g5 43. f3 h6 44. Kd4 Kb5 45. Ke4 Kxa5 46. c6
bxc6 47. f4 Kb6 48. f5 Kc7 49. Kd4 Kd7 50. Kc5 exf5 51. gxf5 h5 52. Kd4 g4 53.
hxg4 hxg4 0-1

[Event "30.Alpenpokal Obersdorf op"]
[Site "Tiefenbach (08.01.-18.01)"]
[Date "2004.??.??"]
[Round "3.18"]
[White "Sakowski, Christian"]
[Black "Kelbratowski, Konrad"]
[Result "1/2-1/2"]
[WhiteElo "1776"]
[BlackElo "1863"]
[PlyCount "81"]
[EventDate "2004.01.??"]
[Source "ChessOrg"]
[SourceDate "2005.04.24"]

1. d4 d5 2. Nf3 Nf6 3. Bf4 e6 4. e3 c5 5. c3 Qb6 6. Qb3 Nbd7 7. Bb5 c4 8. Bxd7+
Nxd7 9. Qc2 Bd6 10. Bxd6 Qxd6 11. e4 dxe4 12. Qxe4 Nf6 13. Qe2 b5 14. b3 O-O
15. bxc4 bxc4 16. Nbd2 Ba6 17. O-O Nd5 18. Ne4 Qa3 19. Qc2 Nf4 20. Nc5 Bb5 21.
Rab1 Bc6 22. Ng5 g6 23. f3 Qxc3 24. Qxc3 Ne2+ 25. Kf2 Nxc3 26. Rb2 Rab8 27. Rc2
Na4 28. Rfc1 Nxc5 29. dxc5 Bd5 30. Ne4 Rfc8 31. Ke3 Bxe4 32. Kxe4 Rxc5 33. Kd4
Rc7 34. Kc3 Kf8 35. Rd1 Ke7 36. Rd4 Rbb7 37. Kd2 Rd7 38. Ke3 Rdc7 39. Kd2 c3+
40. Kd3 Rb5 41. Rxc3 1/2-1/2

[Event "30.Alpenpokal Obersdorf op"]
[Site "Tiefenbach (08.01.-18.01)"]
[Date "2004.??.??"]
[Round "3.19"]
[White "Johne, Siegfried"]
[Black "Besler, Ralf"]
[Result "1-0"]
[WhiteElo "1828"]
[BlackElo "1808"]
[PlyCount "83"]
[EventDate "2004.01.??"]
[Source "ChessOrg"]
[SourceDate "2005.04.24"]

1. e4 e6 2. d4 d5 3. Nc3 Bb4 4. e5 c5 5. Qg4 Ne7 6. Nf3 Nbc6 7. Bb5 O-O 8. O-O
cxd4 9. Ne2 f5 10. Qg3 Qc7 11. Nexd4 Nxd4 12. Nxd4 Ng6 13. f4 Qb6 14. Qd3 Bc5
15. c3 Rf7 16. Kh1 Bd7 17. Bxd7 Bxd4 18. Bxe6 Qxe6 19. cxd4 Qb6 20. b3 Nf8 21.
Bb2 Ne6 22. g3 g6 23. Rac1 Rc7 24. Rxc7 Qxc7 25. Qb5 Qc6 26. Qxc6 bxc6 27. Rc1
Rc8 28. Kg2 Kf7 29. Kf3 Ke7 30. Ba3+ Kd7 31. Bc5 a6 32. g4 Rg8 33. Rg1 Nxc5 34.
dxc5 Ke6 35. g5 Rb8 36. Rd1 Rb5 37. Rc1 d4 38. Ke2 Kd5 39. Kd3 Rb4 40. Rc4 Rxc4
41. bxc4+ Kxc5 42. a3 1-0

[Event "30.Alpenpokal Obersdorf op"]
[Site "Tiefenbach (08.01.-18.01)"]
[Date "2004.??.??"]
[Round "3.20"]
[White "Gerhards, Walter"]
[Black "Poell, Guenter"]
[Result "1/2-1/2"]
[WhiteElo "1814"]
[BlackElo "1765"]
[PlyCount "134"]
[EventDate "2004.01.??"]
[Source "ChessOrg"]
[SourceDate "2005.04.24"]

1. e4 e6 2. d4 d5 3. Nc3 Nf6 4. Bg5 Bb4 5. e5 h6 6. Bd2 Bxc3 7. bxc3 Ne4 8. Qg4
Kf8 9. Bd3 Nxd2 10. Kxd2 Qg5+ 11. Qxg5 hxg5 12. Ne2 c5 13. Ng3 c4 14. Be2 Nc6
15. h3 g6 16. Rhf1 Ne7 17. f4 gxf4 18. Rxf4 Nf5 19. Nh1 Bd7 20. Raf1 Rh7 21. g4
Nh6 22. Nf2 Ng8 23. Rb1 b6 24. Bf1 Ne7 25. Bg2 Rb8 26. Rf1 Kg8 27. Nd1 Rf8 28.
Ne3 Rh4 29. R4f3 g5 30. R1f2 Ng6 31. Bf1 b5 32. Ng2 Rh7 33. Rg3 Kg7 34. Rf6 Nh4
35. Nxh4 Rxh4 36. Rgf3 a6 37. Bg2 Rh7 38. Rf1 a5 39. a3 a4 40. Ke3 Bc6 41. Kf2
Rh4 42. Kg3 Rh7 43. R1f5 exf5 44. Rxc6 f4+ 45. Kf2 Rfh8 46. Bxd5 Rxh3 47. Rc7
Rxc3 48. Rxf7+ Kg6 49. Rf6+ Kg7 50. Be4 Rh2+ 51. Kg1 Rd2 52. d5 Rxa3 53. Rg6+
Kf7 54. Rf6+ Ke8 55. Bg2 Ra1+ 56. Kh2 f3 57. Rxf3 Rxd5 58. Rf5 Rd2 59. Rxg5 Rc1
60. Kg3 Rxg2+ 61. Kxg2 Rxc2+ 62. Kf3 b4 63. Ke4 a3 64. Kd5 Rd2+ 65. Kxc4 Rc2+
66. Kxb4 a2 67. Rg8+ Ke7 1/2-1/2